Visualizzazione normale
Vista MARC
- divorzio
di Topical Term
Records bibliografici associati: 1
001 - CONTROL NUMBER
- control field: 60040
003 - CONTROL NUMBER IDENTIFIER
- control field:
005 - DATE AND TIME OF LATEST TRANSACTION
- control field: 20230508152041.0
008 - FIXED-LENGTH DATA ELEMENTS
- fixed length control field: 230508|| aca||aabn | a|a d
040 ## - CATALOGING SOURCE
- Original cataloging agency:
- Transcribing agency:
150 ## - HEADING--TOPICAL TERM
- Topical term or geographic name entry element: divorzio
670 ## - SOURCE DATA FOUND
- Source citation: Work cat.: ()359711: Kulu Hill, Mikolai Julia 60039, Changing Partnership Patterns, Housing and New Social Disabilities, 2017